| 000 | 01348nam a2200349 a 4500 | ||
|---|---|---|---|
| 001 | 000021569 | ||
| 003 | DO-SdBNP | ||
| 005 | 20230712132314.0 | ||
| 007 | 000021569 | ||
| 008 | 100909s1991 dr 000 0 spa d | ||
| 020 | _a8489525374 | ||
| 040 |
_aBPMSU _bspa _cBPMSU |
||
| 082 | 4 |
_a972.9304 _bS225B 1991 _2 22 |
|
| 100 | 1 |
_aSang , Mu-Kien A. _q(Mu-Kien Adriana) |
|
| 245 | 1 | 0 |
_aBuenaventura Báez : _bel caudillo del sur (1844-1878) / _cMu-Kien A. Sang ; prólogo José Ramón Báez López-Penha. |
| 260 |
_aSanto Domingo : _bINTEC, _c1991. |
||
| 300 |
_a434 p. ; _c23 cm. |
||
| 500 | _aIncluye referencias bibliográficas y notas al pie de las páginas páginas | ||
| 500 | _aIncluye datos biográficos de la autora en la solapa de la cubierta | ||
| 500 | _aIncluye índice de nombres | ||
| 504 | _aBibliografía:p. 419-424 | ||
| 590 | _6Inventariado, 2023/VM | ||
| 600 | 1 | 4 |
_aBaéz, Buenaventura _d1812-1884 |
| 650 | 4 |
_aPresidentes _zRepública Dominicana |
|
| 651 | 4 |
_aRepública Dominicana _xHistoria _y1844-1930 |
|
| 651 | 4 |
_aRepública Dominicana _xAnexión a España _y1861-1863 |
|
| 651 | 4 |
_aRepública Dominicana _xRestauración _y1863-1865 |
|
| 700 | 1 |
_aBáez López-Penha, José Ramón _epról. |
|
| 710 | 2 | _aInstituto Tecnológico de Santo Domingo | |
| 910 | _aVMateo V. Control de caldiad (BPMSU) | ||
| 942 |
_2ddc _cBK |
||
| 999 |
_c8106 _d8106 |
||